000 00441pam a2200157a 44500
008 230405s2015 xxu||||| |||| 00| 0 eng d
041 _aENG
100 _aRAKSHIT AMITAVA
245 _aMANURES, FERTILIZERS AND PESTICIDES THEORY AND APPLICATIONS
250 _a1ST Ed.
260 _aNEW DELHI
_bCBS PUB
_c2015
300 _a266p.
440 _aBHARATI GRAHAK BHANDAR, BILL NO. 4424, DT-16/08/2018
700 _aDE NIRMAL
906 _a2173
999 _c291051
_d291051